One of them got it right (Record no. 76666)

MARC details
000 -LEADER
fixed length control field 00980cab a2200193 4500
001 - CONTROL NUMBER
control field ##L132854
008 - FIXED-LENGTH DATA ELEMENTS--GENERAL INFORMATION
fixed length control field 060314n2006 000 0 eng u
035 ## - SYSTEM CONTROL NUMBER
System control number (Sirsi) u132854
041 0# - LANGUAGE CODE
Language code of text/sound track or separate title eng
100 1# - MAIN ENTRY--PERSONAL NAME
Personal name McFall, Ian
245 00 - TITLE STATEMENT
Title One of them got it right
260 ## - PUBLICATION, DISTRIBUTION, ETC.
Date of publication, distribution, etc. 2006
490 #0 - SERIES STATEMENT
Series statement Building
Volume/sequential designation 271(8421) 10 March 2006, 62(1)
520 ## - SUMMARY, ETC.
Summary, etc. Considers "Rothwell v Chemical and Insulating Co Ltd and another" ([2006] EWCA Civ 27, unreported), where two out of three CA judges ruled that claimants whose lungs had been damaged by exposure to asbestos were not entitled to compensation. Argues that the decision was based on public policy grounds, rather than legal considerations, and will encourage the insurance industry to continue to resist claims based upon employer's negligence.
590 ## - LOCAL NOTE (RLIN)
Local note IKA140306, KA
650 24 - SUBJECT ADDED ENTRY--TOPICAL TERM
Topical term or geographic name entry element ROTHWELL V CHEMICAL AND INSULATING CO LTD AND ANOTHER
690 ## - LOCAL SUBJECT ADDED ENTRY--TOPICAL TERM (OCLC, RLIN)
Topical term or geographic name as entry element MANAGEMENT-HEALTH AND SAFETY-HAZARDOUS SUBSTANCES-ASBESTOS
942 ## - ADDED ENTRY ELEMENTS (KOHA)
Suppress in OPAC 0
Holdings
Withdrawn status Lost status Source of classification or shelving scheme Damaged status Not for loan Home library Current library Shelving location Date acquired Total Checkouts Full call number Barcode Date last seen Copy number Price effective from Koha item type
    Dewey Decimal Classification     London London Journal article 14/03/2006   L132854 132854-1001 06/08/2019 1 06/08/2019 Journal article